[Event "PNWCC Online Blitz JP II"]
[Site "chess.com INT"]
[Date "2020.03.21"]
[Round "10"]
[White "Wu, Rochelle"]
[Black "Preotu, Razvan"]
[Result "0-1"]
[WhiteElo "2028"]
[BlackElo "2487"]
[WhiteFideId "-1"]
[WhiteFideId "-1"]
[PlyCount "86"]
[GameId "2130307597567264"]
[EventDate "2020.03.21"]
[EventType "swiss (blitz)"]
[EventRounds "11"]
[EventCountry "USA"]
[SourceTitle "The Week in Chess 1324"]
[Source "Mark Crowther"]
[SourceDate "2020.03.23"]
[SourceVersion "1"]
[SourceVersionDate "2020.03.23"]
[SourceQuality "2"]

1. d4 Nf6 2. c4 g6 3. f3 Nc6 4. e4 e5 5. d5 Nd4 6. Ne2 c5 7. dxc6 dxc6 8. Nbc3 Be6 9. Be3 Bc5 10. Qd2 Bxc4 11. Nxd4 Bxf1 12. Ne6 Qxd2+ 13. Bxd2 fxe6 14. Rxf1 h6 15. O-O-O g5 16. Kc2 Rd8 17. Ne2 Rg8 18. Bc3 Rxd1 19. Rxd1 Nd7 20. Ng3 g4 21. Nh5 gxf3 22. gxf3 Rg2+ 23. Rd2 Rxd2+ 24. Bxd2 Kf7 25. Ng3 Kg6 26. h4 h5 27. Bg5 Bf2 28. Ne2 Kf7 29. f4 Nf8 30. fxe5 Ng6 31. Bf6 Bxh4 32. Bxh4 Nxh4 33. Nf4 Ng6 34. Nxh5 Nxe5 35. Nf4 Kf6 36. Ne2 Nf3 37. Kd3 Ke5 38. Nc3 Kf4 39. Kc4 Ke3 40. Kc5 Kd3 41. Kd6 e5 42. Kc5 Kc2 43. Na4 b5 0-1

[Event "PNWCC Online blitz JP 2nd"]
[Site "Chess.com INT"]
[Date "2020.03.21"]
[Round "2"]
[White "Yan, Ruiyang"]
[Black "Preotu, Razvan"]
[Result "0-1"]
[WhiteElo "2093"]
[BlackElo "2487"]
[WhiteFideId "-1"]
[WhiteFideId "-1"]
[PlyCount "64"]
[GameId "1497012138110976"]
[EventDate "2020.03.21"]
[EventType "swiss (blitz)"]
[EventRounds "11"]
[EventCountry "USA"]
[SourceTitle "CBM 195 Extra"]
[Source "ChessBase"]
[SourceDate "2020.05.31"]
[SourceVersion "1"]
[SourceVersionDate "2020.05.31"]
[SourceQuality "1"]

1. e4 c5 2. Nf3 d6 3. d4 cxd4 4. Nxd4 Nf6 5. Nc3 a6 6. Be2 e5 7. Nf3 Be7 8. Bg5 Be6 9. Bxf6 Bxf6 10. O-O O-O 11. Nd5 Nd7 12. Bc4 Rc8 13. Bb3 Rc6 14. Re1 Nc5 15. c3 Nxb3 16. axb3 g6 17. Qd2 Bg7 18. Rad1 h6 19. c4 Qd7 20. Qd3 f5 21. Nd2 f4 22. f3 g5 23. Kh1 h5 24. Nb1 g4 25. Nbc3 Qd8 26. Qf1 Qh4 27. Qg1 Rcc8 28. Ne2 Kh7 29. Ndc3 Rcd8 30. Rf1 Rg8 31. Qf2 Qg5 32. Ng1 g3 0-1

[Event "PNWCC Online blitz JP 2nd"]
[Site "Chess.com INT"]
[Date "2020.03.21"]
[Round "5"]
[White "Miljkovic, Miroslav D"]
[Black "Preotu, Razvan"]
[Result "1/2-1/2"]
[WhiteElo "2482"]
[BlackElo "2487"]
[WhiteFideId "-1"]
[WhiteFideId "-1"]
[PlyCount "141"]
[GameId "1497012138958848"]
[EventDate "2020.03.21"]
[EventType "swiss (blitz)"]
[EventRounds "11"]
[EventCountry "USA"]
[SourceTitle "CBM 195 Extra"]
[Source "ChessBase"]
[SourceDate "2020.05.31"]
[SourceVersion "1"]
[SourceVersionDate "2020.05.31"]
[SourceQuality "1"]

1. d4 Nf6 2. c4 g6 3. Nc3 d5 4. cxd5 Nxd5 5. e4 Nxc3 6. bxc3 Bg7 7. Nf3 c5 8. Be3 O-O 9. Qd2 Qa5 10. Rc1 Rd8 11. h4 cxd4 12. cxd4 Qxd2+ 13. Nxd2 e6 14. Bb5 Bd7 15. Bxd7 Nxd7 16. Ke2 Rac8 17. Nc4 Nb8 18. e5 Bf8 19. h5 Nc6 20. hxg6 fxg6 21. Rhd1 b5 22. Nd2 Nxd4+ 23. Bxd4 Rxc1 24. Rxc1 Rxd4 25. Rc7 Ra4 26. Kd3 Ra3+ 27. Kd4 Ra4+ 28. Kd3 Bg7 29. Rc8+ Kf7 30. Rc7+ Kg8 31. Rc8+ Kf7 32. Nf3 h6 33. Rc7+ Kg8 34. Rc8+ Kh7 35. Rc7 g5 36. Re7 Rxa2 37. Nd4 Kg6 38. Nxe6 Bxe5 39. Nf8+ Kf6 40. Re8 Kf7 41. Rxe5 Kxf8 42. g3 b4 43. f4 gxf4 44. gxf4 a5 45. Rb5 Ra3+ 46. Ke4 b3 47. Kf5 Ke7 48. Kg6 a4 49. f5 Ra1 50. f6+ Ke6 51. Rb6+ Ke5 52. Rb5+ Ke4 53. f7 Rf1 54. Rb4+ Kd3 55. Rxa4 b2 56. Rb4 Kc3 57. Rb8 h5 58. Rb5 h4 59. Rc5+ Kd4 60. Rb5 Kc3 61. Rc5+ Kb3 62. Rb5+ Kc2 63. Rc5+ Kb1 64. Rf5 Rxf5 65. Kxf5 Kc1 66. f8=Q b1=Q+ 67. Kg4 Qe4+ 68. Qf4+ Qxf4+ 69. Kxf4 h3 70. Kg3 h2 71. Kxh2 1/2-1/2

[Event "PNWCC Online blitz JP 2nd"]
[Site "Chess.com INT"]
[Date "2020.03.21"]
[Round "6"]
[White "Preotu, Razvan"]
[Black "Wang, Henry H"]
[Result "1-0"]
[WhiteElo "2487"]
[BlackElo "2035"]
[WhiteFideId "-1"]
[WhiteFideId "-1"]
[PlyCount "75"]
[GameId "1497012139134976"]
[EventDate "2020.03.21"]
[EventType "swiss (blitz)"]
[EventRounds "11"]
[EventCountry "USA"]
[SourceTitle "CBM 195 Extra"]
[Source "ChessBase"]
[SourceDate "2020.05.31"]
[SourceVersion "1"]
[SourceVersionDate "2020.05.31"]
[SourceQuality "1"]

1. e4 c6 2. Nc3 d5 3. Nf3 dxe4 4. Nxe4 Nf6 5. Qe2 Nxe4 6. Qxe4 Qd5 7. Qe3 Bf5 8. c4 Qe4 9. b3 Nd7 10. Bb2 e6 11. d3 Qxe3+ 12. fxe3 h6 13. Be2 Bb4+ 14. Kf2 O-O 15. g4 Bg6 16. h4 Rfe8 17. h5 Bh7 18. g5 e5 19. Rag1 hxg5 20. Nxg5 Nf6 21. Rg3 Rad8 22. Nxh7 Kxh7 23. Rhg1 Bf8 24. Rg5 Nd7 25. Bg4 Nc5 26. Bf5+ Kh6 27. Ke2 Ne6 28. R5g2 Rd7 29. Rg4 Bd6 30. Kf3 Rg8 31. d4 exd4 32. exd4 Be7 33. Bc1+ g5 34. hxg6+ Kg7 35. gxf7+ Kf6 36. fxg8=Q Nxd4+ 37. Rxd4 Rxd4 38. Qe6# 1-0

[Event "PNWCC Online blitz JP 2nd"]
[Site "Chess.com INT"]
[Date "2020.03.21"]
[Round "8"]
[White "Preotu, Razvan"]
[Black "Foisor, Sabina"]
[Result "1-0"]
[WhiteElo "2487"]
[BlackElo "2228"]
[WhiteFideId "-1"]
[WhiteFideId "-1"]
[PlyCount "63"]
[GameId "1497012139577344"]
[EventDate "2020.03.21"]
[EventType "swiss (blitz)"]
[EventRounds "11"]
[EventCountry "USA"]
[SourceTitle "CBM 195 Extra"]
[Source "ChessBase"]
[SourceDate "2020.05.31"]
[SourceVersion "1"]
[SourceVersionDate "2020.05.31"]
[SourceQuality "1"]

1. e4 c6 2. Nc3 g6 3. d4 Bg7 4. Nf3 d5 5. Be2 dxe4 6. Nxe4 Nf6 7. Nxf6+ exf6 8. O-O O-O 9. c3 Be6 10. a4 Nd7 11. a5 a6 12. Bf4 f5 13. Ng5 Re8 14. Nxe6 Rxe6 15. Bc4 Re4 16. Bd2 Ne5 17. Ba2 Nd7 18. Qb3 Qe7 19. Qxb7 Rb8 20. Qxa6 Rxb2 21. Qc8+ Nf8 22. a6 Rxd2 23. Bd5 cxd5 24. a7 Rg4 25. g3 f4 26. Qxg4 fxg3 27. hxg3 h5 28. Qf3 h4 29. a8=Q hxg3 30. fxg3 Bh6 31. Rae1 Qd7 32. Qaxd5 1-0

[Event "PNWCC Online blitz JP 2nd"]
[Site "Chess.com INT"]
[Date "2020.03.21"]
[Round "9"]
[White "He, Anthony"]
[Black "Preotu, Razvan"]
[Result "1-0"]
[WhiteElo "2337"]
[BlackElo "2487"]
[WhiteFideId "-1"]
[WhiteFideId "-1"]
[PlyCount "77"]
[GameId "1497012139864064"]
[EventDate "2020.03.21"]
[EventType "swiss (blitz)"]
[EventRounds "11"]
[EventCountry "USA"]
[SourceTitle "CBM 195 Extra"]
[Source "ChessBase"]
[SourceDate "2020.05.31"]
[SourceVersion "1"]
[SourceVersionDate "2020.05.31"]
[SourceQuality "1"]

1. e4 c5 2. Nf3 d6 3. d4 cxd4 4. Nxd4 Nf6 5. Nc3 a6 6. h3 e5 7. Nb3 Be7 8. g4 h6 9. Be3 Nbd7 10. Qf3 b5 11. O-O-O b4 12. Nd5 Nxd5 13. exd5 O-O 14. Bd3 a5 15. Nd2 Ba6 16. Bf5 Re8 17. h4 Nf8 18. g5 h5 19. g6 fxg6 20. Be4 Bf6 21. Rdg1 a4 22. Bxg6 Nxg6 23. Rxg6 b3 24. Ne4 Rf8 25. axb3 axb3 26. Rhg1 Qc7 27. c3 Bd3 28. Nxf6+ Rxf6 29. Qxf6 Bxg6 30. Qxg6 Qf7 31. Qxf7+ Kxf7 32. Kd2 Ra2 33. Rb1 Kf6 34. Kd3 Kf5 35. Kc4 Ke4 36. Kxb3 Ra8 37. Rg1 Rb8+ 38. Kc2 Rb7 39. c4 1-0

[Event "PNWCC Online blitz JP 2nd"]
[Site "Chess.com INT"]
[Date "2020.03.21"]
[Round "11"]
[White "Preotu, Razvan"]
[Black "Titus, Andrew"]
[Result "1-0"]
[WhiteElo "2487"]
[BlackElo "2158"]
[WhiteFideId "-1"]
[WhiteFideId "-1"]
[PlyCount "77"]
[GameId "1497012140298240"]
[EventDate "2020.03.21"]
[EventType "swiss (blitz)"]
[EventRounds "11"]
[EventCountry "USA"]
[SourceTitle "CBM 195 Extra"]
[Source "ChessBase"]
[SourceDate "2020.05.31"]
[SourceVersion "1"]
[SourceVersionDate "2020.05.31"]
[SourceQuality "1"]

1. e4 c5 2. Nf3 d6 3. Bb5+ Nd7 4. Ba4 Ngf6 5. O-O a6 6. c4 e5 7. Nc3 Be7 8. d3 O-O 9. a3 Nb8 10. b4 Bg4 11. Rb1 Qc7 12. Bg5 Nc6 13. h3 Be6 14. Nd5 Bxd5 15. exd5 Nd4 16. Nxd4 cxd4 17. Bb3 Nxd5 18. Bd2 Nf6 19. f4 b5 20. fxe5 dxe5 21. c5 Rad8 22. Qf3 Qd7 23. Rbe1 Qc7 24. g4 h6 25. h4 Nh7 26. g5 hxg5 27. Bxf7+ Kh8 28. Qh5 Rxf7 29. Rxf7 e4 30. hxg5 Qg3+ 31. Kh1 Bxg5 32. Rg1 Qh4+ 33. Qxh4 Bxh4 34. Rgxg7 Nf6 35. dxe4 Nxe4 36. Rh7+ Kg8 37. Rfg7+ Kf8 38. Bh6 Nf2+ 39. Kg2 1-0

[Event "Pan-Am Intercollegiate"]
[Site "Charlotte USA"]
[Date "2019.12.27"]
[Round "1.8"]
[White "Leker Locker, Maor"]
[Black "Preotu, Razvan"]
[Result "0-1"]
[WhiteElo "1927"]
[BlackElo "2487"]
[WhiteFideId "-1"]
[WhiteFideId "-1"]
[PlyCount "52"]
[GameId "2130307599552905"]
[EventDate "2019.12.27"]
[EventType "team"]
[EventRounds "6"]
[EventCountry "USA"]
[SourceTitle "The Week in Chess 1312"]
[Source "Mark Crowther"]
[SourceDate "2019.12.30"]
[SourceVersion "1"]
[SourceVersionDate "2019.12.30"]
[SourceQuality "2"]
[WhiteTeam "UMBC - B"]
[BlackTeam "UTD - A"]

1. c4 g6 2. g3 Bg7 3. Bg2 c5 4. Nc3 Nc6 5. Nf3 d6 6. O-O Bf5 7. d3 Qd7 8. Rb1 Bh3 9. Bd2 Nd4 10. e3 Bxg2 11. Kxg2 Nxf3 12. Qxf3 Rc8 13. a3 e6 14. b4 b6 15. b5 Ne7 16. Ne2 d5 17. Rfd1 O-O 18. Bc3 e5 19. d4 cxd4 20. Bb4 e4 21. Qf4 d3 22. Nd4 dxc4 23. Nc6 Nxc6 24. bxc6 Qxc6 25. Bxf8 Bxf8 26. Rdc1 c3 0-1

[Event "Pan-Am Intercollegiate"]
[Site "Charlotte USA"]
[Date "2019.12.29"]
[Round "5.3"]
[White "Dragun, Kamil"]
[Black "Preotu, Razvan"]
[Result "1-0"]
[WhiteElo "2587"]
[BlackElo "2487"]
[WhiteFideId "-1"]
[WhiteFideId "-1"]
[PlyCount "133"]
[GameId "2130307599561171"]
[EventDate "2019.12.27"]
[EventType "team"]
[EventRounds "6"]
[EventCountry "USA"]
[SourceTitle "10 Days #601"]
[Source "ChessMix"]
[SourceDate "2020.01.01"]
[SourceVersion "1"]
[SourceVersionDate "2020.01.01"]
[SourceQuality "1"]
[WhiteTeam "UTRGV - A"]
[BlackTeam "UTD - A"]

1. d4 Nf6 2. c4 g6 3. Nf3 Bg7 4. g3 d5 5. cxd5 Nxd5 6. Bg2 Nb6 7. O-O Nc6 8. e3 O-O 9. Nc3 Re8 10. a3 Rb8 11. h3 e5 12. d5 e4 13. dxc6 exf3 14. Qxf3 bxc6 15. Qxc6 Bd7 16. Qf3 Na4 17. Nd5 a5 18. e4 c6 19. Nf4 Nxb2 20. Rb1 Rb5 21. Kh2 Qb8 22. Qe2 Na4 23. Rxb5 cxb5 24. Qd2 Qa7 25. Nd5 Be6 26. Qd3 Qc5 27. Bg5 Nb2 28. Qf3 Bxd5 29. exd5 Nc4 30. Rd1 Qd6 31. Bc1 Bf8 32. Qb3 Nxa3 33. Bf4 a4 34. Qf3 Re5 35. Bxe5 Qxe5 36. d6 Bxd6 37. Qc6 Nc4 38. Rd5 Qe2 39. Qxb5 Qxf2 40. Qxc4 Qxg3+ 41. Kg1 a3 42. Kf1 Be7 43. Rd2 Bh4 44. Qe4 Qc3 45. Qd5 Qa1+ 46. Rd1 Qf6+ 47. Kg1 Qb2 48. Qd4 Bf6 49. Qxb2 axb2 50. Bd5 Kf8 51. Ba2 Ke7 52. Re1+ Kf8 53. Rf1 Bd4+ 54. Kg2 f6 55. Rd1 Be5 56. Rd7 h5 57. Rf7+ Ke8 58. Rg7 g5 59. Rh7 h4 60. Bb1 Kd8 61. Kf3 Kc8 62. Ke4 Kd8 63. Kd5 Kc8 64. Kc6 Kd8 65. Bg6 Bc3 66. Rd7+ Kc8 67. Re7 1-0

[Event "Southwest op"]
[Site "Irving USA"]
[Date "2019.08.29"]
[Round "1.9"]
[White "Yim, Sung Ho"]
[Black "Preotu, Razvan"]
[Result "1-0"]
[WhiteElo "2258"]
[BlackElo "2494"]
[WhiteFideId "-1"]
[WhiteFideId "-1"]
[PlyCount "43"]
[GameId "2130307604348011"]
[EventDate "2019.08.29"]
[EventType "swiss"]
[EventRounds "7"]
[EventCountry "USA"]
[SourceTitle "10 Days #590"]
[Source "ChessMix"]
[SourceDate "2019.09.10"]
[SourceVersion "1"]
[SourceVersionDate "2019.09.10"]
[SourceQuality "1"]

1. d4 Nf6 2. c4 g6 3. Nc3 d5 4. Bg5 Bg7 5. Nf3 Ne4 6. cxd5 Nxg5 7. Nxg5 O-O 8. Nf3 c5 9. dxc5 Na6 10. e3 Nxc5 11. Bc4 Qa5 12. O-O Bxc3 13. bxc3 b5 14. Bb3 Bf5 15. Qd4 Rfc8 16. g4 Bd3 17. Rfc1 Qb6 18. Ne5 Be4 19. c4 f6 20. Nc6 Rxc6 21. dxc6 b4 22. Qxe4 1-0

[Event "Southwest op"]
[Site "Irving USA"]
[Date "2019.08.30"]
[Round "2.18"]
[White "Preotu, Razvan"]
[Black "Yanovsky, Vlad"]
[Result "1/2-1/2"]
[WhiteElo "2494"]
[BlackElo "2135"]
[WhiteFideId "-1"]
[WhiteFideId "-1"]
[PlyCount "75"]
[GameId "2130307604348045"]
[EventDate "2019.08.29"]
[EventType "swiss"]
[EventRounds "7"]
[EventCountry "USA"]
[SourceTitle "10 Days #590"]
[Source "ChessMix"]
[SourceDate "2019.09.10"]
[SourceVersion "1"]
[SourceVersionDate "2019.09.10"]
[SourceQuality "1"]

1. e4 c5 2. Nf3 e6 3. d4 cxd4 4. Nxd4 a6 5. Nc3 b5 6. Bd3 d6 7. O-O Nf6 8. Qe1 Qb6 9. Nf3 Be7 10. a4 b4 11. a5 Qb7 12. Na4 Nbd7 13. Bd2 Rb8 14. e5 dxe5 15. Nxe5 O-O 16. f4 Nxe5 17. fxe5 Nd7 18. Qg3 Qd5 19. Rae1 Bb7 20. Bh6 Qxg2+ 21. Qxg2 Bxg2 22. Kxg2 gxh6 23. Bxa6 Ra8 24. Bb5 Nb8 25. c4 bxc3 26. Nxc3 Rxa5 27. Ra1 Rxa1 28. Rxa1 Kg7 29. Ne4 Rd8 30. Ra7 Bf8 31. Kf3 Kg6 32. Kf4 h5 33. Rb7 Bh6+ 34. Kf3 Bg7 35. Kf4 Bh6+ 36. Kf3 Bg7 37. Kf4 Rd5 38. Nf6 1/2-1/2

[Event "Southwest op"]
[Site "Irving USA"]
[Date "2019.08.30"]
[Round "3.21"]
[White "Kondakov, Adrian"]
[Black "Preotu, Razvan"]
[Result "0-1"]
[WhiteElo "2020"]
[BlackElo "2494"]
[WhiteFideId "-1"]
[WhiteFideId "-1"]
[PlyCount "79"]
[GameId "2130307604348073"]
[EventDate "2019.08.29"]
[EventType "swiss"]
[EventRounds "7"]
[EventCountry "USA"]
[SourceTitle "10 Days #590"]
[Source "ChessMix"]
[SourceDate "2019.09.10"]
[SourceVersion "1"]
[SourceVersionDate "2019.09.10"]
[SourceQuality "1"]

1. e4 g6 2. d4 Bg7 3. Nc3 d6 4. Be3 a6 5. a4 e6 6. Nf3 b6 7. g3 Bb7 8. Bg2 Nf6 9. Nd2 d5 10. e5 Nfd7 11. Ne2 a5 12. h4 Na6 13. c3 Qb8 14. h5 c5 15. f4 Rg8 16. g4 Bf8 17. hxg6 hxg6 18. Rh7 Be7 19. Kf1 Qc7 20. f5 Nf8 21. Rh1 gxf5 22. gxf5 f6 23. Bf4 O-O-O 24. exf6 Bd6 25. Bxd6 Qxd6 26. fxe6 Nxe6 27. Nf3 Rdf8 28. Rh6 Nac7 29. Bh3 Kb8 30. Ke1 Ba6 31. Ne5 cxd4 32. f7 Rh8 33. Bxe6 Qxe5 34. cxd4 Qe3 35. Rxh8 Rxh8 36. f8=Q+ Rxf8 37. Ra3 Qxe6 38. Kd2 Rf2 39. Re3 Qh6 40. Ke1 0-1

[Event "Southwest op"]
[Site "Irving USA"]
[Date "2019.08.31"]
[Round "4.13"]
[White "Preotu, Razvan"]
[Black "Stefanov, Emil"]
[Result "1/2-1/2"]
[WhiteElo "2494"]
[BlackElo "2390"]
[WhiteFideId "-1"]
[WhiteFideId "-1"]
[PlyCount "63"]
[GameId "2130307604348089"]
[EventDate "2019.08.29"]
[EventType "swiss"]
[EventRounds "7"]
[EventCountry "USA"]
[SourceTitle "10 Days #590"]
[Source "ChessMix"]
[SourceDate "2019.09.10"]
[SourceVersion "1"]
[SourceVersionDate "2019.09.10"]
[SourceQuality "1"]

1. e4 c5 2. Nc3 Nc6 3. f4 g6 4. Nf3 Bg7 5. Bc4 e6 6. O-O Nge7 7. e5 d5 8. exd6 Nf5 9. Ne4 Nxd6 10. Nxd6+ Qxd6 11. c3 O-O 12. Ng5 b6 13. Qf3 Bb7 14. Qh3 h6 15. Nf3 Na5 16. Be2 c4 17. Ne1 Rad8 18. d4 cxd3 19. Nxd3 h5 20. Be3 Nc4 21. Rad1 Nxe3 22. Qxe3 Qc7 23. Ne5 Rxd1 24. Rxd1 Rd8 25. Rxd8+ Qxd8 26. Qd3 Qxd3 27. Nxd3 Bd5 28. Nb4 a5 29. Nxd5 exd5 30. Kf1 d4 31. cxd4 Bxd4 32. b3 1/2-1/2

[Event "Southwest op"]
[Site "Irving USA"]
[Date "2019.08.31"]
[Round "5.11"]
[White "Li, Zhaozhi"]
[Black "Preotu, Razvan"]
[Result "0-1"]
[WhiteElo "2388"]
[BlackElo "2494"]
[WhiteFideId "-1"]
[WhiteFideId "-1"]
[PlyCount "120"]
[GameId "2130307604352207"]
[EventDate "2019.08.29"]
[EventType "swiss"]
[EventRounds "7"]
[EventCountry "USA"]
[SourceTitle "10 Days #590"]
[Source "ChessMix"]
[SourceDate "2019.09.10"]
[SourceVersion "1"]
[SourceVersionDate "2019.09.10"]
[SourceQuality "1"]

1. c4 e5 2. Nc3 Bb4 3. Nd5 Be7 4. e3 Nf6 5. Nxe7 Qxe7 6. Ne2 b6 7. d3 O-O 8. Nc3 Bb7 9. e4 Nc6 10. Be2 Nd4 11. Be3 c6 12. O-O d5 13. cxd5 cxd5 14. Bxd4 exd4 15. Nxd5 Nxd5 16. exd5 Bxd5 17. Bf3 Bxf3 18. Qxf3 Qb4 19. b3 Rac8 20. h4 Rfe8 21. Rac1 Rc5 22. Rc4 Rxc4 23. dxc4 Rd8 24. Rd1 h6 25. Qe4 Qd6 26. Rd3 a5 27. g3 g6 28. h5 f5 29. Qf3 Qe6 30. hxg6 Qe4 31. Qd1 Kg7 32. Rf3 d3 33. Re3 Qd4 34. Qd2 Rd6 35. Rf3 Kxg6 36. Re3 a4 37. Kg2 a3 38. Re1 h5 39. Re8 h4 40. Re3 Kf7 41. Re1 hxg3 42. fxg3 Qb2 43. Rd1 Rg6 44. Kh3 Qh8+ 45. Kg2 Qb2 46. Qf2 Rd6 47. Rd2 Qe5 48. Qf3 Qe4 49. Kf2 Ke6 50. Qxe4+ fxe4 51. Ke3 Ke5 52. Rh2 Kf5 53. Rd2 Rg6 54. Rf2+ Ke5 55. Rg2 Rh6 56. b4 Rh1 57. c5 bxc5 58. bxc5 Re1+ 59. Kd2 Rb1 60. Kc3 Rc1+ 0-1

[Event "Southwest op"]
[Site "Irving USA"]
[Date "2019.09.01"]
[Round "6.8"]
[White "Preotu, Razvan"]
[Black "Wang, Jason"]
[Result "1-0"]
[WhiteElo "2494"]
[BlackElo "2307"]
[WhiteFideId "-1"]
[WhiteFideId "-1"]
[PlyCount "123"]
[GameId "2130307604352229"]
[EventDate "2019.08.29"]
[EventType "swiss"]
[EventRounds "7"]
[EventCountry "USA"]
[SourceTitle "10 Days #590"]
[Source "ChessMix"]
[SourceDate "2019.09.10"]
[SourceVersion "1"]
[SourceVersionDate "2019.09.10"]
[SourceQuality "1"]

1. e4 c5 2. Nf3 e6 3. d4 cxd4 4. Nxd4 a6 5. Nc3 b5 6. Bd3 Qb6 7. Nb3 Qc7 8. Qe2 Bb7 9. O-O Nc6 10. f4 d6 11. Bd2 Nf6 12. Rae1 Be7 13. a4 bxa4 14. Nxa4 h5 15. c4 Rb8 16. Bc3 Ba8 17. Nd2 Nb4 18. Bb1 Bc6 19. b3 Qa7+ 20. Kh1 h4 21. Nf3 Bxa4 22. bxa4 Bd8 23. Qd2 Nh5 24. Ng1 Bb6 25. Nh3 Bc5 26. e5 dxe5 27. Bxe5 Rd8 28. Qe2 Nc6 29. Qg4 Qe7 30. Bxg7 Nxg7 31. Qxg7 Bd4 32. Qg4 Bc3 33. Qf3 Bxe1 34. Qxc6+ Qd7 35. Qxd7+ Rxd7 36. Rxe1 Rd4 37. f5 Rxc4 38. fxe6 fxe6 39. Bd3 Rxa4 40. Rxe6+ Kd7 41. Rxa6 Rd4 42. Be2 Re4 43. Bb5+ Ke7 44. Ra1 Rb8 45. Bf1 Rb2 46. Kg1 Rd2 47. Ng5 Rf4 48. Re1+ Kd7 49. Bb5+ Kc8 50. Bc6 Rc4 51. Be4 Rd8 52. Nf3 Re8 53. Bf5+ Kd8 54. Rxe8+ Kxe8 55. h3 Ke7 56. Bg4 Kf6 57. Nxh4 Kg5 58. Nf3+ Kf4 59. Kh2 Rc2 60. Nd4 Ra2 61. Ne2+ Kg5 62. Kg3 1-0

[Event "Southwest op"]
[Site "Irving USA"]
[Date "2019.09.01"]
[Round "7.6"]
[White "Reshef, Omer"]
[Black "Preotu, Razvan"]
[Result "0-1"]
[WhiteElo "2467"]
[BlackElo "2494"]
[WhiteFideId "-1"]
[WhiteFideId "-1"]
[PlyCount "114"]
[GameId "2130307604352251"]
[EventDate "2019.08.29"]
[EventType "swiss"]
[EventRounds "7"]
[EventCountry "USA"]
[SourceTitle "10 Days #590"]
[Source "ChessMix"]
[SourceDate "2019.09.10"]
[SourceVersion "1"]
[SourceVersionDate "2019.09.10"]
[SourceQuality "1"]

1. Nf3 c5 2. c4 Nc6 3. Nc3 e5 4. g3 g6 5. Bg2 Bg7 6. O-O Nge7 7. a3 O-O 8. b4 d6 9. Rb1 Rb8 10. d3 h6 11. Ne1 Be6 12. Nc2 cxb4 13. axb4 d5 14. b5 Nd4 15. Ne3 dxc4 16. dxc4 Qd7 17. Ned5 Rfc8 18. b6 Nxd5 19. Nxd5 a6 20. Qd3 Bf5 21. e4 Be6 22. Be3 Re8 23. f4 Bxd5 24. cxd5 Nb5 25. fxe5 Rxe5 26. Bf4 Qd6 27. Bxe5 Qxb6+ 28. Qd4 Qxd4+ 29. Bxd4 Bxd4+ 30. Kh1 Nd6 31. Rfc1 Be5 32. Rc7 b5 33. Re7 Bf6 34. Ra7 b4 35. Rxa6 Be5 36. Rb3 Nc4 37. d6 Nxd6 38. Rc6 Kf8 39. Rc5 f6 40. Rc1 Ke7 41. Rc7+ Kd8 42. Rc1 Rb5 43. Bf1 Rb7 44. Bd3 Bc3 45. Rcxc3 bxc3 46. Rxc3 Nf7 47. Bc4 Ne5 48. Bd5 Rb2 49. h3 Kd7 50. Ra3 Kd6 51. Ra6+ Kc5 52. Rxf6 Kd4 53. Bf7 Ke3 54. Bxg6 Nf3 55. Rxf3+ Kxf3 56. e5 Kxg3 57. Kg1 Re2 0-1

[Event "Southwest op 85th"]
[Site "Irving"]
[Date "2019.09.02"]
[Round "8"]
[White "Preotu, Razvan"]
[Black "Dragun, Kamil"]
[Result "0-1"]
[WhiteElo "2494"]
[BlackElo "2614"]
[WhiteFideId "-1"]
[WhiteFideId "-1"]
[PlyCount "84"]
[GameId "1714278657986560"]
[EventDate "2019.08.29"]
[EventType "swiss"]
[EventRounds "9"]
[EventCountry "USA"]
[SourceTitle "CBM 206 Extra"]
[Source "ChessBase"]
[SourceDate "2022.03.31"]
[SourceVersion "1"]
[SourceVersionDate "2022.03.31"]
[SourceQuality "1"]

1. e4 c6 2. d4 d5 3. e5 c5 4. Nf3 cxd4 5. Nxd4 e6 6. c4 Bc5 7. Nb3 Bb6 8. Nc3 Ne7 9. c5 Bc7 10. f4 O-O 11. Bd3 b6 12. Qc2 Ng6 13. Nb5 Na6 14. Nxc7 Qxc7 15. cxb6 Qxb6 16. Qc3 Nb4 17. Bxg6 fxg6 18. a3 Nc6 19. Be3 d4 20. Nxd4 Nxd4 21. Bxd4 Qa6 22. Rf1 Bb7 23. Rf2 Rac8 24. Bc5 Rfd8 25. Rd1 Rxd1+ 26. Kxd1 Bxg2 27. Kc1 Be4 28. b4 Qb5 29. Qd4 Bf5 30. Rd2 h6 31. Kb2 a5 32. a4 Qxa4 33. Qd7 Qxd7 34. Rxd7 axb4 35. Bxb4 Rc2+ 36. Ka3 Rxh2 37. Rd8+ Kh7 38. Bf8 h5 39. Rd7 h4 40. Bxg7 Rh3+ 41. Kb2 Rd3 42. Rc7 h3 0-1